[Event "Indonesia Open 2013"]
[Site "Jakarta INA"]
[Date "2013.10.12"]
[Round "3.15"]
[White "Batchimeg, Tuvshintugs"]
[Black "Ghaem Maghami, Ehsan"]
[Result "0-1"]
[WhiteTitle "WGM"]
[BlackTitle "GM"]
[WhiteElo "2376"]
[BlackElo "2556"]
[WhiteFideId "4900839"]
[BlackFideId "12500739"]
[EventDate "2013.10.10"]

1. d4 Nf6 2. Nf3 e6 3. e3 b6 4. Bd3 Bb7 5. O-O c5 6. b3 Be7 7. Bb2 O-O 8. Nbd2
Nc6 9. a3 Rc8 10. Qe2 Qc7 11. c4 cxd4 12. exd4 d5 13. Rac1 Qf4 14. Qe3 Qxe3 15.
fxe3 Na5 16. Ne5 Bd6 17. cxd5 Bxe5 18. dxe5 Nxd5 19. Kf2 Ne7 20. b4 Rfd8 21. Ke2
Rxd3 22. Kxd3 Ba6+ 23. Ke4 Bxf1 24. Rxc8+ Nxc8 25. Nxf1 Nc4 26. Bc1 f6 27. exf6
gxf6 28. Kd4 N4d6 29. e4 Ne7 30. Bb2 Ng6 31. Nd2 Kf7 32. Nc4 Nb7 33. e5 f5 34.
g3 Ke8 35. Nd2 Kd7 36. Nf3 a6 37. a4 b5 38. axb5 axb5 39. Bc1 Ne7 40. Ng5 Nc6+
41. Kc3 h5 42. Bf4 Ne7 43. Kd4 Nc6+ 44. Kc3 Ne7 45. h4 Nd5+ 46. Kb3 Nd8 47. Nh7
Nc6 48. Ka3 Ncxb4 49. Bd2 Nd3 50. Nf8+ Ke7 51. Ng6+ Kf7 52. Nf4 Nxe5 53. Nxd5
exd5 54. Kb4 d4 55. Kxb5 Nf3 0-1

[Event "Indonesia Open 2013"]
[Site "Jakarta INA"]
[Date "2013.10.12"]
[Round "3.16"]
[White "Shyam, Sundar M."]
[Black "Farid, Firman Syah"]
[Result "1/2-1/2"]
[WhiteTitle "GM"]
[BlackTitle "IM"]
[WhiteElo "2536"]
[BlackElo "2392"]
[WhiteFideId "5019141"]
[BlackFideId "7102526"]
[EventDate "2013.10.10"]

1. Nf3 g6 2. d4 Bg7 3. e4 d6 4. c3 Nf6 5. Bd3 O-O 6. O-O c5 7. dxc5 dxc5 8. Qe2
Nc6 9. h3 Nd7 10. Bc2 Qc7 11. a4 b6 12. Na3 Bb7 13. Nb5 Qc8 14. Bf4 a6 15. Na3
Nde5 16. Nxe5 Nxe5 17. Bg3 Bc6 18. f4 Nd7 19. e5 e6 20. Nc4 b5 21. Nd6 Qc7 22.
Rad1 c4 23. f5 Bd5 24. f6 Bh6 25. Rd4 Qc5 26. Bf2 Qc6 27. Rh4 Bg5 28. Rxh7 Bxg2
29. Rg7+ Kh8 30. Qg4 Nxe5 31. Qh5+ gxh5 32. Rh7+ Kg8 33. Rg7+ Kh8 1/2-1/2

[Event "Indonesia Open 2013"]
[Site "Jakarta INA"]
[Date "2013.10.12"]
[Round "3.17"]
[White "Megaranto, Susanto"]
[Black "Barus, Cerdas"]
[Result "1-0"]
[WhiteTitle "GM"]
[BlackTitle "GM"]
[WhiteElo "2528"]
[BlackElo "2396"]
[WhiteFideId "7101384"]
[BlackFideId "7100094"]
[EventDate "2013.10.10"]

1. d4 Nf6 2. c4 e6 3. Nf3 b6 4. g3 Ba6 5. Qa4 Bb7 6. Bg2 Be7 7. O-O O-O 8. Bg5
h6 9. Bxf6 Bxf6 10. Nc3 d6 11. Rad1 Nd7 12. Qc2 g6 13. e4 Bg7 14. Rfe1 Qe7 15.
e5 Rab8 16. exd6 cxd6 17. d5 Bxc3 18. Qxc3 e5 19. Qe3 Kg7 20. Nd4 Qg5 21. Qxg5
hxg5 22. Nb5 f5 23. Nxa7 Ba6 24. Nc6 Ra8 25. b3 Bb7 26. Rd2 g4 27. h3 gxh3 28.
Bxh3 Nc5 29. Bg2 Kf6 30. f3 Bxc6 31. dxc6 Ke7 32. b4 Ne6 33. f4 e4 34. Bxe4 fxe4
35. Rxe4 Rf6 36. Kg2 Rc8 37. b5 Ra8 38. Kh3 Kf7 39. Kg4 Ng7 40. c5 dxc5 41. Rd7+
Kg8 42. Kg5 Rf7 43. Kxg6 Ra7 44. Rxf7 Rxf7 45. a4 Rc7 46. f5 Kf8 47. f6 Ne8 48.
g4 Nd6 49. Re6 Nc8 50. g5 Rf7 51. Kf5 Rh7 52. g6 Rh5+ 53. Kg4 Rh1 54. f7 Ne7 55.
c7 Rh8 56. c8=Q+ 1-0

[Event "Indonesia Open 2013"]
[Site "Jakarta INA"]
[Date "2013.10.12"]
[Round "3.18"]
[White "Nguyen, Ngoc Truong Son"]
[Black "Manakova, Maria"]
[Result "1-0"]
[WhiteTitle "GM"]
[BlackTitle "WGM"]
[WhiteElo "2629"]
[BlackElo "2320"]
[WhiteFideId "12401110"]
[BlackFideId "927007"]
[EventDate "2013.10.10"]

1. d4 Nf6 2. c4 g6 3. Nc3 d5 4. Qb3 dxc4 5. Qxc4 Bg7 6. e4 O-O 7. Be2 a6 8. Bf4
Ne8 9. Nf3 b5 10. Qd3 Bg4 11. Rd1 Nc6 12. e5 Nb4 13. Qd2 Nd5 14. h3 Bxf3 15.
Bxf3 c6 16. Nxd5 cxd5 17. h4 Nc7 18. h5 Ne6 19. Bh6 g5 20. Bxg7 Kxg7 21. h6+ Kh8
22. Bg4 f5 23. exf6 Rxf6 24. Kf1 Qd6 25. Re1 Rg8 26. Qe3 Rgg6 27. g3 Rxh6 28.
Kg2 Nd8 29. Rc1 Rfg6 30. Rxh6 Rxh6 31. Rc8 1-0

[Event "Indonesia Open 2013"]
[Site "Jakarta INA"]
[Date "2013.10.12"]
[Round "3.19"]
[White "Dimakiling, Oliver"]
[Black "Paragua, Mark"]
[Result "1/2-1/2"]
[WhiteTitle "IM"]
[BlackTitle "GM"]
[WhiteElo "2353"]
[BlackElo "2571"]
[WhiteFideId "5202248"]
[BlackFideId "5201241"]
[EventDate "2013.10.10"]

1. g3 d5 2. d4 Nf6 3. Bg2 g6 4. Nf3 Bg7 5. O-O O-O 6. c4 c6 7. b3 Bf5 8. Bb2
Nbd7 9. e3 Nb6 10. cxd5 Nbxd5 11. Nbd2 Nb4 12. Nc4 Bd3 13. Re1 Be4 14. Nfe5 Bxg2
15. Kxg2 Nd7 16. Nf3 a5 17. Qd2 b6 18. a3 Na6 19. e4 Nc7 20. Rac1 Rc8 21. Qe2
Ne8 22. Red1 Rc7 23. Rc2 Qa8 24. Ne3 e6 25. a4 Nef6 26. Nd2 Rfc8 27. f3 Ne8 28.
Nb1 Qb7 29. Na3 b5 30. axb5 cxb5 31. Rcd2 Rb8 32. d5 Bxb2 33. dxe6 fxe6 34. Rxb2
Nef6 35. Nac2 Qb6 36. Ne1 Ne5 37. Nd3 Nxd3 38. Rxd3 Rd7 39. Ng4 Rxd3 40. Nxf6+
Kf7 41. Qxd3 Kxf6 42. e5+ Ke7 43. Qe4 Qb7 44. Qh4+ Kf8 45. Rd2 Qe7 46. Qh6+ Kg8
47. Rd6 a4 48. Qd2 axb3 49. Qb4 Rd8 50. Qxb5 Rxd6 51. exd6 Qxd6 52. Qxb3 1/2-1/2

[Event "Indonesia Open 2013"]
[Site "Jakarta INA"]
[Date "2013.10.12"]
[Round "3.20"]
[White "Tran, Tuan Minh"]
[Black "Batchuluun, Tsegmed"]
[Result "1/2-1/2"]
[WhiteTitle "FM"]
[BlackTitle "GM"]
[WhiteElo "2344"]
[BlackElo "2529"]
[WhiteFideId "12401820"]
[BlackFideId "4900847"]
[EventDate "2013.10.10"]

1. Nf3 Nf6 2. c4 c6 3. g3 d5 4. b3 Bg4 5. Bg2 e6 6. O-O Nbd7 7. Bb2 Bd6 8. d3 h5
9. Nbd2 h4 10. e4 hxg3 11. hxg3 dxe4 12. Nxe4 Be5 13. Qc2 Bxf3 14. Bxf3 Nxe4 15.
Bxe4 Qf6 16. Bxe5 Nxe5 17. Qe2 O-O-O 18. Kg2 g5 19. Rh1 g4 20. Qe3 a6 21. d4 Nd7
22. Rxh8 Rxh8 23. Rh1 Rxh1 24. Kxh1 a5 25. Kg1 Kc7 26. Qd2 Kc8 27. Bg2 Qf5 28.
Bf1 b6 29. Bd3 Qf3 30. Be2 Qe4 31. Qd1 f5 32. Bf1 c5 33. dxc5 bxc5 34. Qd6 Kd8
35. Qd2 Ke8 36. Bg2 Qd4 37. Qxa5 Qa1+ 38. Kh2 Qh8+ 39. Kg1 Qa1+ 40. Kh2 Qb2 41.
Kg1 Qa1+ 42. Kh2 Qb2 43. Kg1 Qa1+ 44. Kh2 Qd4 45. Qe1 Ke7 46. Qe3 Qh8+ 47. Kg1
Qa1+ 48. Kh2 Qh8+ 49. Kg1 Qa1+ 50. Kh2 Qxa2 51. Bc6 Qa5 52. Kg2 Qb6 53. Bb5 Qb7+
54. Kg1 Qc7 55. Qg5+ Kd6 56. Qd2+ Ke7 57. Qg5+ Kd6 58. Qd2+ Ke7 59. Qg5+ Kf7 60.
Qh5+ Kg7 61. Qg5+ Kf7 62. Qh5+ Ke7 63. Qg5+ Kd6 64. Qd2+ 1/2-1/2

[Event "Indonesia Open 2013"]
[Site "Jakarta INA"]
[Date "2013.10.12"]
[Round "3.21"]
[White "Dao, Thien Hai"]
[Black "Pradeep, Kumar R.A."]
[Result "0-1"]
[WhiteTitle "GM"]
[WhiteElo "2500"]
[BlackElo "2331"]
[WhiteFideId "12400084"]
[BlackFideId "5023181"]
[EventDate "2013.10.10"]

1. d4 Nf6 2. c4 g6 3. Nc3 Bg7 4. e4 d6 5. h3 O-O 6. Nf3 e5 7. d5 a5 8. g4 Na6 9.
Be3 Bd7 10. Qc2 c6 11. dxc6 Bxc6 12. O-O-O Qe7 13. Nd2 Nd7 14. Rg1 Ndc5 15. a3
Rfc8 16. Kb1 Ne6 17. Nf3 Nac5 18. h4 a4 19. g5 Nb3 20. Nd5 Bxd5 21. Rxd5 Nc7 22.
Rd1 b5 23. Nd2 Nd4 24. Bxd4 exd4 25. Bh3 Ne6 26. Rc1 Rab8 27. Qd1 b4 28. Rg3 d3
29. Qxa4 bxa3 30. Qxa3 Bxb2 31. Qxb2 Rxb2+ 32. Kxb2 Rb8+ 33. Kc3 Qa7 34. Kxd3
Nf4+ 35. Kc2 Qa4+ 0-1

[Event "Indonesia Open 2013"]
[Site "Jakarta INA"]
[Date "2013.10.12"]
[Round "3.23"]
[White "Saduakassova, Dinara"]
[Black "Torre, Eugenio"]
[Result "1-0"]
[WhiteTitle "WGM"]
[BlackTitle "GM"]
[WhiteElo "2335"]
[BlackElo "2462"]
[WhiteFideId "13700090"]
[BlackFideId "5200016"]
[EventDate "2013.10.10"]

1. d4 d6 2. Nf3 Bg4 3. e4 Nf6 4. Nc3 e6 5. h3 Bh5 6. Qe2 c6 7. g4 Bg6 8. g5 Nfd7
9. Nh4 d5 10. Nxg6 hxg6 11. h4 Bb4 12. Bd2 Nb6 13. a3 Be7 14. Qg4 N8d7 15. O-O-O
Qc7 16. Rh3 O-O-O 17. exd5 exd5 18. Bd3 Bd6 19. Rf3 Rdf8 20. Rh1 Qd8 21. h5 gxh5
22. Rxh5 Rxh5 23. Qxh5 g6 24. Qg4 Kc7 25. Kb1 Nc8 26. Bf1 Ne7 27. Bf4 Nf5 28.
Bd3 Bxf4 29. Qxf4+ Nd6 30. Bf1 f6 31. Nxd5+ cxd5 32. Rc3+ Kb8 33. Qxd6+ Ka8 34.
Qxd5 Nb6 35. Qxd8+ Rxd8 36. gxf6 Kb8 37. f7 Rf8 38. Rf3 Kc7 39. Bd3 g5 40. Rf5
Nc8 41. Rxg5 Rxf7 42. Rf5 Rg7 43. f4 Nd6 44. Rg5 Re7 45. f5 Re3 46. Kc1 Rh3 47.
Kd2 Kd7 48. Rg7+ Kc6 49. f6 Rf3 50. Rg6 Kd7 51. Ke2 Rh3 52. f7 Rh2+ 53. Kf3 Nxf7
54. Rg7 Ke7 55. Bc4 Rxc2 56. Rxf7+ Kd6 57. Bb5 Rxb2 58. Rxb7 a5 59. a4 1-0

[Event "Indonesia Open 2013"]
[Site "Jakarta INA"]
[Date "2013.10.12"]
[Round "3.24"]
[White "Nakhbayeva, Guliskhan"]
[Black "Nolte, Rolando"]
[Result "1/2-1/2"]
[WhiteTitle "WGM"]
[BlackTitle "IM"]
[WhiteElo "2307"]
[BlackElo "2447"]
[WhiteFideId "13704788"]
[BlackFideId "5200636"]
[EventDate "2013.10.10"]

1. d4 Nf6 2. c4 e6 3. Nc3 Bb4 4. e3 b6 5. Bd3 Bb7 6. f3 c5 7. a3 Bxc3+ 8. bxc3
d6 9. Ne2 Nc6 10. O-O e5 11. Ng3 O-O 12. d5 Na5 13. f4 e4 14. Nxe4 Nxe4 15. Bxe4
Ba6 16. Bd3 Bxc4 17. e4 Qd7 18. Bxc4 Nxc4 19. Qd3 b5 20. Ra2 f5 21. Re2 fxe4 22.
Rxe4 Qf5 23. Qf3 Rae8 24. Re6 Rxe6 25. dxe6 Qxe6 26. Qb7 Nb6 27. Qxa7 Nd5 28.
Qa5 Qe2 29. Rf2 Qd1+ 30. Rf1 Qd3 31. h3 Nxc3 32. Re1 Ne2+ 33. Kh1 Nxc1 34. Rxc1
Rxf4 35. Kh2 h6 36. Qd8+ Kh7 37. Rxc5 Rf2 38. Rc8 Qe4 39. Qg8+ Kg6 40. Qe8+ Qxe8
41. Rxe8 Ra2 42. Re6+ Kf7 43. Rxd6 Rxa3 44. Rb6 Rb3 45. Kg1 Rb2 46. Kh2 Rb3 47.
Kg1 b4 48. Kf2 h5 49. h4 Rb1 50. Kf3 Rf1+ 51. Kg3 Rf5 52. Rxb4 1/2-1/2

[Event "Indonesia Open 2013"]
[Site "Jakarta INA"]
[Date "2013.10.12"]
[Round "3.25"]
[White "Smirnov, Anton"]
[Black "Paehtz, Elisabeth"]
[Result "0-1"]
[WhiteTitle "FM"]
[BlackTitle "IM"]
[WhiteElo "2306"]
[BlackElo "2440"]
[WhiteFideId "3208923"]
[BlackFideId "4641833"]
[EventDate "2013.10.10"]

1. e4 g6 2. d4 Bg7 3. Nc3 d6 4. Bg5 a6 5. Qd2 b5 6. O-O-O Bb7 7. Kb1 Nd7 8. f3
c5 9. Nge2 h6 10. Be3 b4 11. Nd5 e6 12. Ndf4 Qc7 13. Bf2 Ne7 14. d5 exd5 15.
Nxd5 Nxd5 16. exd5 Nb6 17. Qe3+ Kd8 18. Nf4 Re8 19. Qd2 Na4 20. Nd3 Qb6 21. Qf4
Re7 22. c4 Bc8 23. g4 g5 24. Qc1 Bd7 25. Be1 Kc7 26. Bd2 f5 27. h3 Rae8 28. Rh2
Nc3+ 29. Bxc3 bxc3 30. b3 a5 31. Rg2 Re3 32. f4 a4 33. Qa3 fxg4 34. hxg4 gxf4
35. Nxf4 axb3 36. axb3 c2+ 37. Kxc2 Rc3+ 38. Kd2 Rxb3 39. Qc1 Qb4+ 0-1

[Event "Indonesia Open 2013"]
[Site "Jakarta INA"]
[Date "2013.10.12"]
[Round "3.26"]
[White "Nguyen, Van Huy"]
[Black "Le, Tuan Minh"]
[Result "1-0"]
[WhiteTitle "IM"]
[BlackTitle "FM"]
[WhiteElo "2422"]
[BlackElo "2327"]
[WhiteFideId "12401064"]
[BlackFideId "12401153"]
[EventDate "2013.10.10"]

1. Nf3 Nf6 2. c4 c6 3. Nc3 d5 4. e3 g6 5. d4 Bg7 6. Be2 O-O 7. O-O dxc4 8. Bxc4
c5 9. d5 Nfd7 10. e4 Nb6 11. Be2 Bg4 12. a4 Na6 13. a5 Nd7 14. h3 Bxf3 15. Bxf3
Nb4 16. Be2 Rc8 17. Be3 f5 18. exf5 gxf5 19. Qb3 Kh8 20. Rfd1 f4 21. Bxc5 Nc2
22. Qxc2 Rxc5 23. Qe4 Ne5 24. Bd3 Nxd3 25. Rxd3 Qd6 26. Qf3 Qe5 27. Ra4 Qf5 28.
Rb4 Rxa5 29. Rxb7 Qe5 30. Rd1 Bf6 31. Rb4 Bg7 32. Re4 Qg5 33. Rde1 Ra6 34. Rxe7
Rb6 35. Rxa7 Rxb2 36. Ree7 Bd4 37. Ne4 Qg6 38. Rxh7+ Kg8 39. Rac7 Re2 40. Qxe2
f3 41. Nf6+ Rxf6 42. Rcg7+ 1-0

[Event "Indonesia Open 2013"]
[Site "Jakarta INA"]
[Date "2013.10.12"]
[Round "3.27"]
[White "Yap, Kim Steven"]
[Black "Bersamina, Paulo"]
[Result "0-1"]
[WhiteTitle "IM"]
[BlackTitle "FM"]
[WhiteElo "2417"]
[BlackElo "2310"]
[WhiteFideId "5202809"]
[BlackFideId "5206995"]
[EventDate "2013.10.10"]

1. e4 c5 2. b3 e5 3. Bc4 g6 4. Bb2 Bg7 5. f4 d6 6. Nf3 Nc6 7. O-O Nh6 8. Bd5 Ne7
9. c4 Nxd5 10. cxd5 f5 11. d3 O-O 12. fxe5 g5 13. Qc1 g4 14. Nfd2 Qg5 15. Nc4
Qxc1 16. Rxc1 fxe4 17. dxe4 dxe5 18. Bxe5 Bxe5 19. Nxe5 Re8 20. Nc4 Rxe4 21. Nc3
Rd4 22. Nb5 Rd3 23. Nc7 Rb8 24. Re1 Bf5 25. Re7 g3 26. hxg3 Ng4 27. Rae1 Rd8 28.
Na5 b6 29. Nc6 Rd7 30. Re8+ Kg7 31. Ne6+ Bxe6 32. dxe6 R7d6 33. e7 Re3 0-1

[Event "Indonesia Open 2013"]
[Site "Jakarta INA"]
[Date "2013.10.12"]
[Round "3.28"]
[White "Bitoon, Richard"]
[Black "Emperado, Emmanuel"]
[Result "1-0"]
[WhiteTitle "GM"]
[WhiteElo "2407"]
[BlackElo "2297"]
[WhiteFideId "5201110"]
[BlackFideId "5209960"]
[EventDate "2013.10.10"]

1. e4 c5 2. Nf3 d6 3. d4 cxd4 4. Nxd4 Nf6 5. Bd3 Nc6 6. Nxc6 bxc6 7. c4 e5 8.
Nc3 Be7 9. O-O O-O 10. Be3 Be6 11. Qc2 Qa5 12. a3 Rfb8 13. b4 Qc7 14. Rfc1 Ng4
15. Bd2 a5 16. b5 cxb5 17. cxb5 Qa7 18. Nd1 a4 19. h3 Bb3 20. Qc7 Qd4 21. Qc3
Nf6 22. Qxd4 exd4 23. Bb4 Ra7 24. Rc6 d5 25. b6 Rab7 26. Ba5 Ra8 27. Rc7 Rxc7
28. bxc7 dxe4 29. Ba6 Be6 30. Rb1 Bd6 31. Rb5 Bd7 32. Bb7 Re8 33. Rb1 Bxa3 34.
Nb2 e3 35. Nxa4 e2 36. Nb6 Bf5 37. Re1 Re5 38. Bd2 Rb5 39. g4 Nxg4 40. hxg4 Bxg4
41. Bf3 Bf5 42. Ra1 Bf8 43. c8=Q Bxc8 44. Nxc8 1-0

[Event "Indonesia Open 2013"]
[Site "Jakarta INA"]
[Date "2013.10.12"]
[Round "3.29"]
[White "Munkhgal, Gombosuren"]
[Black "Sutarno"]
[Result "1-0"]
[WhiteTitle "IM"]
[WhiteElo "2400"]
[BlackElo "2251"]
[WhiteFideId "4901266"]
[BlackFideId "7101139"]
[EventDate "2013.10.10"]

1. d4 Nf6 2. c4 c5 3. d5 e5 4. Nc3 d6 5. e4 Be7 6. Bd3 Nbd7 7. h3 Nf8 8. g4 N6d7
9. Nf3 h5 10. g5 h4 11. Be3 Ng6 12. Qd2 a6 13. a4 Qa5 14. Nh2 Ndf8 15. Bf1 Bd7
16. Rg1 Rb8 17. Ng4 Qd8 18. Rb1 Nh7 19. Nh2 Qa5 20. b3 Qb4 21. Qc1 Bd8 22. Bd2
Ba5 23. Nf3 Qb6 24. Rh1 Nhf8 25. Bd3 Qd8 26. Kf1 Qc8 27. Ng1 Qd8 28. Be3 Bxc3
29. Qxc3 a5 30. Ke1 Ra8 31. Kd1 Qc8 32. Kc2 f5 33. gxf6 gxf6 34. Kb2 Kd8 35. f4
exf4 36. Qxf6+ Kc7 37. Bxc5 dxc5 38. e5 Ra6 39. e6 Nxe6 40. Bxg6 Nd4 41. Qxf4+
Kb6 42. Re1 Ka7 43. Bc2 Rf8 44. Qxh4 Bf5 45. Bd1 Bd3 46. Rh2 Qf5 47. Qe7 Qc8 48.
Rd2 Bf5 49. Re3 Bd7 50. Bg4 Bxg4 51. hxg4 Rf1 52. Ne2 Rf2 53. Red3 Nf3 54. Rc2
Ne1 55. Rdd2 Nxc2 56. Kxc2 Qf8 57. Qxf8 Rxf8 58. d6 Kb8 59. Nc3 Kc8 60. Nb5 Kd7
61. Rd5 b6 62. Rh5 Rf7 63. Rh8 Rg7 64. Kd3 Rxg4 65. Rh7+ Kd8 66. Nc7 Rd4+ 67.
Kc3 b5 68. Nxa6 1-0

[Event "Indonesia Open 2013"]
[Site "Jakarta INA"]
[Date "2013.10.12"]
[Round "3.30"]
[White "Hakiki, Kaisar Jenius"]
[Black "Karavade, Eesha"]
[Result "1/2-1/2"]
[WhiteTitle "FM"]
[BlackTitle "IM"]
[WhiteElo "2299"]
[BlackElo "2400"]
[WhiteFideId "7102097"]
[BlackFideId "5012600"]
[EventDate "2013.10.10"]

1. e4 c5 2. Nf3 d6 3. d4 cxd4 4. Nxd4 Nf6 5. f3 e5 6. Bb5+ Nbd7 7. Nf5 d5 8.
exd5 a6 9. Bxd7+ Qxd7 10. Ne3 b5 11. a4 Bb7 12. axb5 axb5 13. Rxa8+ Bxa8 14. Nc3
b4 15. Ne4 Nxd5 16. Nxd5 Bxd5 17. Be3 Qc6 18. O-O Bxe4 19. fxe4 Qxe4 20. Qe2 f6
21. Ra1 Be7 22. Ra7 Qc6 23. Qd3 Bc5 24. Rxg7 Kf8 25. Rg3 Bxe3+ 26. Rxe3 Rg8 27.
Qe4 Qc5 28. Kf1 Rg7 29. Qa8+ Kf7 30. Qb7+ Kg8 31. Qa8+ Kf7 32. Rd3 Qxc2 33. Qd5+
Kf8 34. Qa8+ Kf7 35. Qb7+ Ke6 36. Qb6+ Kf7 37. Qb7+ Ke6 38. Qd5+ Ke7 39. Qd6+
Kf7 40. Qd7+ Kf8 41. Qd8+ Kf7 42. Qd7+ Kf8 43. Qd8+ 1/2-1/2

[Event "Indonesia Open 2013"]
[Site "Jakarta INA"]
[Date "2013.10.12"]
[Round "3.31"]
[White "Fernandez, Daniel Howard"]
[Black "Masruri, Rahman"]
[Result "1/2-1/2"]
[WhiteTitle "IM"]
[WhiteElo "2389"]
[BlackElo "2222"]
[WhiteFideId "5801605"]
[BlackFideId "7101163"]
[EventDate "2013.10.10"]

1. d4 Nf6 2. Nf3 e6 3. c4 b6 4. a3 Bb7 5. Nc3 d5 6. Bg5 Be7 7. Bxf6 Bxf6 8. cxd5
exd5 9. e3 O-O 10. Be2 Nd7 11. O-O Be7 12. b4 a6 13. Qb3 Nf6 14. Ne5 Rb8 15. Qa4
Qe8 16. Qxe8 Rfxe8 17. Na4 Bd6 18. Rac1 Ra8 19. Rc2 Re7 20. Nc6 Re6 21. Rfc1 a5
22. Bb5 axb4 23. axb4 g6 24. g3 Kg7 25. Ne5 h5 26. Rxc7 Bxc7 27. Rxc7 Ba6 28.
Bxa6 Rxa6 29. Nb2 Ng4 30. Nxf7 Kg8 31. Ng5 Rf6 32. Nd3 Ra1+ 33. Kg2 Ra2 34. Rc8+
Kg7 35. Nf4 Nxe3+ 36. Kh3 Ng4 37. Rc7+ Kg8 38. Nfe6 Raxf2 39. Rc8+ Rf8 40. Rxf8+
Rxf8 41. Nxf8 Kxf8 42. Ne6+ Kf7 43. Nc7 Ne3 44. Na8 Nc2 45. Nxb6 Nxb4 46. g4
hxg4+ 47. Kxg4 Nc2 1/2-1/2

[Event "Indonesia Open 2013"]
[Site "Jakarta INA"]
[Date "2013.10.12"]
[Round "3.32"]
[White "Situru, Muhammad Ivan"]
[Black "Pham, Le Thao Nguyen"]
[Result "1-0"]
[WhiteTitle "IM"]
[BlackTitle "IM"]
[WhiteElo "2290"]
[BlackElo "2389"]
[WhiteFideId "7100426"]
[BlackFideId "12401226"]
[EventDate "2013.10.10"]

1. e4 c5 2. Nf3 e6 3. d4 cxd4 4. Nxd4 a6 5. Nc3 Qc7 6. Be2 b5 7. O-O Bb7 8. Bf3
Nc6 9. Nxc6 dxc6 10. e5 Qxe5 11. Re1 Qd6 12. Qe2 Nf6 13. a4 b4 14. Ne4 Nxe4 15.
Qxe4 Be7 16. a5 O-O 17. Rd1 Qc7 18. Bf4 Qc8 19. Bd6 Bxd6 20. Rxd6 Rb8 21. Qc4 g6
22. Qc5 Qc7 23. Rad1 Qe7 24. b3 Rfe8 25. Qb6 Qf6 26. Rd7 Ba8 27. Qxa6 c5 28. Be2
Qg5 29. Bf1 Be4 30. Qc4 Qf5 31. a6 h5 32. a7 Rbc8 33. Bd3 Bxd3 34. R1xd3 Qe5 35.
g3 Ra8 36. Kg2 Rf8 37. Re3 Qf5 38. h3 Rac8 39. f4 Qf6 40. Re5 Ra8 41. Rxc5 h4
42. Qe4 hxg3 43. Qe5 Qh4 44. Rcc7 Rad8 45. Qg5 Rxd7 46. Rxd7 Qxg5 47. fxg5 Kg7
48. Rb7 1-0

[Event "Indonesia Open 2013"]
[Site "Jakarta INA"]
[Date "2013.10.12"]
[Round "3.33"]
[White "Purnama, Tirta Chandra"]
[Black "Margana, Adhy"]
[Result "1-0"]
[WhiteTitle "IM"]
[WhiteElo "2382"]
[BlackElo "2203"]
[WhiteFideId "7101422"]
[BlackFideId "7101376"]
[EventDate "2013.10.10"]

1. d4 Nf6 2. c4 e6 3. g3 d5 4. Nf3 dxc4 5. Bg2 Nc6 6. O-O Be7 7. Qa4 O-O 8. Qxc4
a6 9. Rd1 Rb8 10. e3 e5 11. Nc3 exd4 12. exd4 b5 13. Qf1 Na5 14. Ne5 b4 15. Na4
Qe8 16. b3 Bd6 17. Bb2 Rb5 18. Rac1 Nd5 19. Re1 Qd8 20. Nc5 Ne7 21. Bf3 Ng6 22.
Ned3 Qg5 23. Qg2 Rb6 24. Ne4 Qd8 25. Ne5 Rb5 26. Nxd6 cxd6 27. Nxg6 hxg6 28. h4
g5 29. hxg5 Qxg5 30. Rc7 Qd2 31. Re2 Qd3 32. Rc1 Rf5 33. Re3 Qd2 34. Re2 Qd3 35.
Rec2 Qxf3 36. Rxc8 Qxg2+ 37. Kxg2 Nb7 38. Rxf8+ Kxf8 39. Rc8+ Ke7 40. Rc7+ Ke6
41. Rxb7 Ra5 42. Rxb4 Rxa2 43. Bc1 f6 44. Rb6 g5 45. g4 Kd7 46. Rb7+ Ke6 47. Be3
Kd5 48. Kf3 Ra3 49. Rb6 Ra2 50. b4 Ke6 51. Ke4 1-0

[Event "Indonesia Open 2013"]
[Site "Jakarta INA"]
[Date "2013.10.12"]
[Round "3.34"]
[White "Mohamad, Ervan"]
[Black "Wahono, Awam"]
[Result "0-1"]
[BlackTitle "IM"]
[WhiteElo "2260"]
[BlackElo "2376"]
[WhiteFideId "7102135"]
[BlackFideId "7100760"]
[EventDate "2013.10.10"]

1. e4 g6 2. d4 Bg7 3. Nc3 d6 4. Be3 c6 5. Qd2 Nd7 6. f3 Qc7 7. Nge2 a6 8. g4 b5
9. h4 h6 10. Ng3 Nb6 11. h5 g5 12. Nf5 Bxf5 13. gxf5 b4 14. Nd1 c5 15. Nf2 Nf6
16. a3 Nfd7 17. axb4 cxd4 18. Bxd4 Bxd4 19. Qxd4 Ne5 20. Be2 O-O 21. f6 Nc6 22.
Qc3 e5 23. Rxa6 Qb7 24. b3 Nd4 25. Rxa8 Rxa8 26. Qb2 Qa7 27. Bd1 Rc8 28. c3 Nb5
29. c4 Nd4 30. Ng4 Kh7 31. Rh2 Nd7 32. Qa2 Qb7 33. Qa5 Ra8 34. Qd5 Qxb4+ 35. Rd2
Rf8 36. Nxe5 dxe5 37. Qxd7 Qc3 38. f4 gxf4 39. Bg4 Kh8 0-1

[Event "Indonesia Open 2013"]
[Site "Jakarta INA"]
[Date "2013.10.12"]
[Round "3.35"]
[White "Suyud, Hartoyo"]
[Black "Ardiansyah, H"]
[Result "1/2-1/2"]
[BlackTitle "GM"]
[WhiteElo "2226"]
[BlackElo "2368"]
[WhiteFideId "7102704"]
[BlackFideId "7100027"]
[EventDate "2013.10.10"]

1. d4 d5 2. c4 e6 3. Nc3 Nf6 4. cxd5 exd5 5. Bg5 c6 6. Nf3 Be7 7. Qc2 Nbd7 8. e3
O-O 9. Bd3 Re8 10. O-O Nf8 11. h3 Ne4 12. Bxe7 Qxe7 13. b4 Nxc3 14. Qxc3 a6 15.
Rfe1 Be6 16. Qc5 Nd7 17. Qxe7 Rxe7 18. Rec1 Nb6 19. a4 f6 20. a5 Nc8 21. Nd2 Nd6
22. f3 Bf5 23. e4 Bg6 24. Bc2 Bf7 25. Re1 Rae8 26. Kf2 g6 27. exd5 Rxe1 28. Rxe1
Rxe1 29. Kxe1 cxd5 30. Bd3 Kf8 31. Kf2 Ke7 32. g4 h6 1/2-1/2

[Event "Indonesia Open 2013"]
[Site "Jakarta INA"]
[Date "2013.10.12"]
[Round "3.36"]
[White "Sukandar, Irine Kharisma"]
[Black "Dewi, Aa Citra"]
[Result "1/2-1/2"]
[WhiteTitle "WGM"]
[BlackTitle "WFM"]
[WhiteElo "2363"]
[BlackElo "2133"]
[WhiteFideId "7101937"]
[BlackFideId "7101244"]
[EventDate "2013.10.10"]

1. e4 c5 2. Nf3 d6 3. d4 cxd4 4. Nxd4 Nf6 5. Nc3 e6 6. Be3 Nc6 7. f4 Be7 8. Qf3
e5 9. Nf5 Bxf5 10. exf5 Nd4 11. Bxd4 exd4 12. Ne4 Qa5+ 13. Kf2 O-O 14. Bd3 Nxe4+
15. Bxe4 d5 16. Bd3 Qd2+ 17. Kg3 Bd6 18. Rad1 Qa5 19. Qh5 Rfe8 20. f6 g6 21. Qh6
Bf8 22. Qg5 Re6 23. f5 Qc7+ 24. Kf2 h6 25. Qh4 g5 26. Qg4 Rxf6 27. h4 Qf4+ 28.
Qf3 Qxf3+ 29. Kxf3 Rb6 30. hxg5 hxg5 31. Kg4 f6 32. b3 Re8 33. Rhe1 Rxe1 34.
Rxe1 Kf7 35. a4 a6 36. Be2 Bb4 37. Rd1 Bc3 38. Bf3 Rd6 39. Rf1 Rd8 40. Rf2 Bb4
41. Re2 b6 42. Re6 Rd6 43. Re2 Rd8 44. Kh3 Rh8+ 45. Kg3 Bd6+ 46. Kf2 Be5 47.
Bxd5+ Ke7 1/2-1/2